000 00812nam a22002177a 4500
003 BD-DhUL
005 20160907075733.0
008 160907s1992 bg ||||| |||| 00| 0 ben
020 _a9848004050
040 _aBD-DhUL
_cBD-DhUL
082 _a954.92
_bKHM
100 1 _aখান, হালিম দাদ
245 1 0 _aমুক্তিযুদ্ধ ও গোলাম আযম /
_cহালিম দাদ খান
260 _aঢাকা :
_bহালিমুল্লাহ খদ্দর,
_c১৯৯২
300 _a৭৪ পৃ. ;
_c২১ সেমি.
365 _aBDT
_b40.00
504 _aগ্রন্থপঞ্জিগত তথ্য সংবলিত।
651 0 _aবাংলাদেশ
_xইতিহাস
651 0 _aBangladesh
_xHistory
942 _2ddc
_cBK
999 _c104543
_d104543